| 000 | 00928nam a2200253 a 4500 | ||
|---|---|---|---|
| 001 | 000015170 | ||
| 003 | DO-SdBNP | ||
| 005 | 20250618094011.0 | ||
| 008 | 100202s2007 dr 001 0 spa d | ||
| 020 | _a9789993429432 | ||
| 040 |
_aDO-SdBNP _bspa _cBNPHU |
||
| 082 |
_a972.93053 _bI43e |
||
| 100 | 1 |
_aInfante, Fernando, _d1935- _910518 |
|
| 245 | 1 | 3 |
_aLa Era de Trujillo : _bcronología histórica, 1930-1961 / _cFernando Infante ; prólogo Franklin Franco Pichardo. |
| 260 |
_aSanto Domingo : _bCollado, _c2007. |
||
| 300 |
_a2 v. ; _c23 cm. |
||
| 500 | _aIncluye datos biográficos del autor en la solapa de la cubierta | ||
| 500 | _aIncluye índice de nombres | ||
| 651 | 4 |
_aRepública Dominicana _xHistoria _xCronoligía _934347 |
|
| 651 | 4 |
_aRepública Dominicana _xHistoriografía _91457 |
|
| 700 | 1 |
_aFranco, Franklin J., _d1936- _epról. _934417 |
|
| 910 | _aValidado. Control de calidad MMOLINA | ||
| 942 |
_2ddc _cLBS1 |
||
| 999 |
_c14741 _d14741 |
||